Sports Quiz

Random Sports or WWE Quiz

Top 30 'Big Men' in WWE History Quiz Stats

 Plays Quiz Updated Jun 23, 2017

Support Sporcle.
Go Orange.
Score 0/30 Timer 05:00
5 Plays Today
Rank Wrestler % Correct
3Big Show
89.2%
2André the Giant
79.2%
1The Undertaker
78.4%
4Kane
75.9%
11Mark Henry
74%
7Yokozuna
53.1%
16Diesel
46.5%
28Big Daddy V
43.9%
20Big John Studd
36.5%
5Big Van Vader
35.2%
21King Kong Bundy
34.3%
17Rikishi
33.1%
13Big Boss Man
32.4%
14Earthquake
29.8%
18Sid
28.7%
Rank Wrestler % Correct
6Bam Bam Bigelow
27.4%
24One Man Gang
25%
19Umaga
23.7%
30Kamala
16.6%
25Bubba Ray Dudley
16.1%
29'Haystacks' Calhoun
15.1%
23Giant Baba
14.6%
10Gorilla Monsoon
11.9%
22Abdullah the Butcher
11.6%
9Stan Hansen
9.5%
8Ernie Ladd
9.3%
15Bruiser Brody
8.5%
12Blackjack Mulligan
8.2%
26'Crusher' Jerry Blackwell
4.4%
27Don Leo Jonathan
3.7%

You're not logged in!

Compare scores with friends on all Sporcle quizzes.
OR
Log In
Forgot?

From the Vault

Finish the TV Show Titles (1950s)

by LTH

Think of these as TV show title finales.
Remove Ads.
Support Sporcle.
Get the best of Sporcle when you Go Orange. This ad-free experience offers more features, more stats, and more fun while also helping to support Sporcle. Thank you for becoming a member.

Show Comments

Extras

Top Quizzes Today


Score Distribution

Your Account Isn't Verified!

In order to create a playlist on Sporcle, you need to verify the email address you used during registration. Go to your Sporcle Settings to finish the process.

Report this User

Report this user for behavior that violates our Community Guidelines.

Details: